Sociální politika a kádrový, personální a sociální rozvoj pracovních kolektivů
Uložené v:
| Hlavný autor: | |
|---|---|
| Médium: | Kniha |
| Jazyk: | Czech |
| Vydavateľské údaje: |
Praha
Ústav státní správy
1983
|
| Edícia: | Studie a informace
|
| Tagy: |
Žiadne tagy, Buďte prvý, kto otaguje tento záznam!
|
MARC
| LEADER | 00000nam a2200000 4500 | ||
|---|---|---|---|
| 001 | c114755 | ||
| 005 | 20250219085311.0 | ||
| 041 | 0 | |a cze | |
| 044 | |a CZ | ||
| 245 | 1 | 0 | |a Sociální politika a kádrový, personální a sociální rozvoj pracovních kolektivů |c Marie Kalenská a kol. |
| 264 | 1 | |a Praha |b Ústav státní správy |c 1983 | |
| 300 | |a 207 s. | ||
| 490 | 1 | |a Studie a informace | |
| 830 | 0 | |a Studie a informace | |
| 100 | 1 | |a Kalenská, Marie | |